000 00721nam a2200253Ia 4500
003 OSt
005 20220925204419.0
006 a|||||r|||| 00| 0
007 ta
008 220923b |||||||| |||| 00| 0 eng d
037 _cGeneral Book
040 _aRTL
_cRTL
_beng
041 _2eng
_aeng
082 _aU475:(L:5), L2
110 _aWorld Health Organization
_9268424
245 0 _aHealth hazards of the human environment
260 _aGeneva
_bWorld Health Organization
_c1972
300 _a387p
_ccm.
500 _aBib chapterwise
650 _aHuman Geography
_91464
700 _aWorld Health Organization
_9268425
942 _hU475:(L:5), L2
_cGB
_2CC
999 _c549378
_d549378